| 000 | 00979cad a22002055a 4500 | ||
|---|---|---|---|
| 001 | L149904 | ||
| 008 | 100514e2010 xxk 000 0 eng d | ||
| 035 | _a(Sirsi) u149904 | ||
| 041 | 0 | _aeng | |
| 050 | _a690.22 $2 18 | ||
| 110 | 2 |
_aGreat Britain _bHealth and Safety Executive |
|
| 245 | 0 | 4 |
_aThe Health and Safety Executive _bbusiness plan 2010/11 _h[electronic resource] |
| 260 |
_aCaerphilly _bHSE _c2010 |
||
| 520 | _aHSE will take actions to progress the strategy outlined in Be Part of the Solution; covers improving the working environment; creating healthier,safer workplaces; avoiding catastrophe; investigations and securing justice; taking responsibility; includes numerous references to the construction industry. | ||
| 590 | _aKA NTK | ||
| 651 | 4 |
_aUnited Kingdom _y |
|
| 690 |
_aHealth and safety _96244 |
||
| 856 | 4 | 8 |
_uhttps://www.hse.gov.uk/aboutus/strategiesandplans/businessplans/plan1011.pdf _zView the website free of charge at www.hse.gov.uk |
| 942 | _n0 | ||
| 999 |
_c82316 _d82316 |
||